000 nam a22 a 4500
999 _c3972
_d3972
005 20170524131345.0
008 170524b2003 io ||||| |||| 00| 0 ind d
020 _a9798692977
020 _a9789798692970
040 _aAKMAL
082 0 4 _a899.2213 RAJ
090 _a899.2213
_bRAJ
100 0 _aAli al-Haji Riau,
_d1809-1870.
_97795
245 1 0 _aGurindam dua belas
_cgubahan Raja Ali Haji.
250 _aCet. 1
260 _aPekanbaru :
_bUnri Press
_c2003.
300 _a12 p. ;
_c21cm
500 _aPoems.
599 _aDALAM PROSES
650 0 _aPoems.
_97684
650 0 _aIndonesian literature
_xPoetry
_y19th century.
_97796
852 4 1 _aBritish Library
_bOC
942 _2ddc
_cBOOK